000
00300nam a22001097a 4500
999
_c
263164
_d
263163
020
_a
9780803736986
100
_a
Bently, Peter
245
_a
King Jack and the dragon
260
_a
New York :
_b
Dial Books for Young Readers,
_c
2011
300
_a
1 v. (unpaged) :
_b
col. ill.
_e
30 cm.
942
_c
BK